000 00452nam a2200181Ia 4500
001 11349
005 20260306162821.0
008 260306t2015||||xx |||||||||||||| ||spa||
041 _aESP
082 _a985.033
_bO664
100 _aO´phelan Godoy, Scarlett
_eAUT
245 0 _aEl Perú en el siglo XVIII:
_bla era borbónica
260 _c2015
300 _a605 páginas :
_c21 cm.
650 _aGEN
654 _aCHU
942 _cLIB
_dJUS
_fJUS
_2ddc
_n
999 _c11349
_d11349